| 000 | 00638nam a2200229Ia 4500 | ||
|---|---|---|---|
| 003 | OSt | ||
| 005 | 20250722180758.0 | ||
| 008 | 210423s2010 xx 000 0 und d | ||
| 020 | _a9780748634477 | ||
| 040 | _cAL | ||
| 041 | _aEnglish | ||
| 082 |
_a070.92 _bMCNJ |
||
| 100 |
_aBrian McNair _989529 |
||
| 245 |
_aJournalists in film _b: heroes and villains |
||
| 260 |
_aEdinburgh _bEdinburgh University Press _c2010 |
||
| 300 |
_aviii,267p. _bPB _c23x15.5cm. |
||
| 365 |
_b1539 _cINR |
||
| 650 |
_aJournalism _989530 |
||
| 650 |
_aJournalism & Media _989531 |
||
| 906 | _afilm: ; heroes ; Journalists ; villains | ||
| 942 |
_2ddc _cBK |
||
| 999 |
_c159968 _d159968 |
||